[Event "Muensterland Verbandsliga Gr1 2223"]
[Site "Germany"]
[Date "2022.11.12"]
[Round "3.8"]
[White "Schemmann, Bernhard"]
[Black "Pelzer, Marius"]
[Result "1/2-1/2"]
[WhiteElo "1837"]
[BlackElo "1211"]
[PlyCount "39"]
[EventDate "2022.09.10"]
[EventType "team-tourn"]
[EventRounds "5"]
[EventCountry "GER"]
[SourceTitle "EXT 2024"]
[Source "ChessBase"]
[SourceDate "2023.10.10"]
[SourceVersion "1"]
[SourceVersionDate "2023.10.10"]
[SourceQuality "1"]
[WhiteTeam "Beelen"]
[BlackTeam "Nordwalde"]
[WhiteTeamCountry "GER"]
[BlackTeamCountry "GER"]

1. d4 Nf6 2. Nf3 e6 3. g3 d5 4. Bg2 c5 5. 0-0 Nc6 6. c4 h6 7. cxd5 Nxd5 8. a3 Be7 9. dxc5 Bxc5 10. b4 Be7 11. Bb2 0-0 12. e4 Nb6 13. Qb3 Qc7 14. Rc1 a6 15. a4 Qd6 16. a5 Nd7 17. b5 axb5 18. Qxb5 Qb4 19. Qxb4 Bxb4 20. a6 1/2-1/2

[Event "Muensterland Verbandsliga 2122"]
[Site "Germany"]
[Date "2021.11.13"]
[Round "2.7"]
[White "Pelzer, Marius"]
[Black "Kessler, Karl"]
[Result "0-1"]
[WhiteElo "1213"]
[BlackElo "1690"]
[PlyCount "112"]
[EventDate "2021.10.02"]
[EventType "team-tourn"]
[EventRounds "2"]
[EventCountry "GER"]
[SourceTitle "EXT 2023"]
[Source "ChessBase"]
[SourceDate "2022.10.05"]
[SourceVersion "1"]
[SourceVersionDate "2022.10.05"]
[SourceQuality "1"]
[WhiteTeam "Nordwalde"]
[BlackTeam "Gescher"]
[WhiteTeamCountry "GER"]
[BlackTeamCountry "GER"]

1. Nf3 d5 2. c4 e6 3. Nc3 Nf6 4. d4 Be7 5. Bg5 h6 6. Bxf6 Bxf6 7. e3 0-0 8. Be2 dxc4 9. Bxc4 c5 10. 0-0 cxd4 11. exd4 Nc6 12. d5 Na5 13. Bb3 Bxc3 14. bxc3 Nxb3 15. Qxb3 Qxd5 16. Qxd5 exd5 17. Rad1 Be6 18. Nd4 Rac8 19. Rd3 Rc4 20. Re1 Rfc8 21. Ree3 a6 22. h3 Ra4 23. Nxe6 fxe6 24. Rxe6 Kf7 25. Re2 Rac4 26. Rd4 Rxd4 27. cxd4 Rc1+ 28. Kh2 Rd1 29. Rb2 b5 30. Rb4 Rd2 31. a4 bxa4 32. Rxa4 Rxf2 33. Rxa6 Rd2 34. Ra4 Kf6 35. Kg3 Kf5 36. Kf3 Rd3+ 37. Ke2 Ke4 38. Ra7 Rg3 39. Kf2 Rg6 40. Ra4 h5 41. g3 Rc6 42. Ra7 g6 43. Ra4 Rc2+ 44. Kg1 g5 45. h4 g4 46. Kf1 Rd2 47. Ra6 Kxd4 48. Rh6 Ke3 49. Rxh5 Kf3 50. Rf5+ Kxg3 51. Ke1 Rh2 52. Rxd5 Kxh4 53. Kf1 Kh3 54. Kg1 Ra2 55. Rd3+ g3 56. Kf1 Kh2 0-1